Praying to the God you can trust / (Record no. 3149)

MARC details
000 -LEADER
fixed length control field 00744cam a2200253 a 4500
001 - CONTROL NUMBER
control field 88807
003 - CONTROL NUMBER IDENTIFIER
control field GBCCL
005 - DATE AND TIME OF LATEST TRANSACTION
control field 20241126110448.0
008 - FIXED-LENGTH DATA ELEMENTS--GENERAL INFORMATION
fixed length control field 980331s1996 mnu 000 0 eng d
020 ## - INTERNATIONAL STANDARD BOOK NUMBER
International Standard Book Number 0913367796
035 ## - SYSTEM CONTROL NUMBER
System control number (OCoLC)ocm38872135
040 ## - CATALOGING SOURCE
Original cataloging agency SPB
Transcribing agency SPB
049 ## -
-- LBBK
082 ## - DEWEY DECIMAL CLASSIFICATION NUMBER
Classification number 248.32
Item number AND
090 ## - LOCALLY ASSIGNED LC-TYPE CALL NUMBER (OCLC); LOCAL CALL NUMBER (RLIN)
Classification number (OCLC) (R) ; Classification number, CALL (RLIN) (NR) BL560.A53
Local cutter number (OCLC) ; Book number/undivided call number, CALL (RLIN) P73 1996
100 1# - MAIN ENTRY--PERSONAL NAME
Personal name Anderson, Leith,
Dates associated with a name 1944-
9 (RLIN) 995
245 10 - TITLE STATEMENT
Title Praying to the God you can trust /
Statement of responsibility, etc. Leith Anderson.
250 ## - EDITION STATEMENT
Edition statement Billy Graham Evangelistic Association special edition.
260 ## - PUBLICATION, DISTRIBUTION, ETC.
Place of publication, distribution, etc. Minneapolis, Minn. :
Name of publisher, distributor, etc. Bethany House Publishers,
Date of publication, distribution, etc. c1996.
300 ## - PHYSICAL DESCRIPTION
Extent 207 p. ;
Dimensions 21 cm.
500 ## - GENERAL NOTE
General note Originally published as: When God says no.
650 #0 - SUBJECT ADDED ENTRY--TOPICAL TERM
Topical term or geographic name entry element Prayer.
9 (RLIN) 332
942 ## - ADDED ENTRY ELEMENTS (KOHA)
Source of classification or shelving scheme Dewey Decimal Classification
Koha item type Books
Holdings
Withdrawn status Lost status Source of classification or shelving scheme Damaged status Not for loan Home library Current Library Shelving location Date acquired Total checkouts Full call number Barcode Date last seen Copy number Price effective from Koha item type
    Dewey Decimal Classification     GRACE BIBLE COLLEGE GRACE BIBLE COLLEGE Ministry & Mission 2017-11-10   248.32 AND 008888 2025-05-01 c.1 2017-11-10 Books
© Grace Bible College Library 2025